|
|
|
|
| LEADER |
00000nab a2200000 a 4500 |
| 001 |
vtls009170053 |
| 003 |
SK-MaSNL |
| 005 |
20260304152550.0 |
| 008 |
250506c2007 xo |||||||||||000 b|slo |
| 015 |
|
|
|a SNBRB2008/01
|2 snkbucl
|
| 035 |
|
|
|a (sysno)vtls009170053
|
| 035 |
|
|
|a urn:nbn:sk:snk-ab7cv2
|
| 035 |
|
|
|a (uuid)cb1c65d5-7761-47de-86c2-21eafc0f60f2
|
| 035 |
|
|
|a (urnnbn)urn:nbn:sk:snk:ar-a07k9h
|
| 038 |
|
|
|a SNKBUCL
|
| 040 |
|
|
|a SNKBUCL
|b slo
|c SNKBUCL
|e AACR2
|
| 041 |
0 |
|
|a slo
|
| 044 |
|
|
|a xo
|c SK
|
| 080 |
|
|
|a 628.4.06
|2 2001
|
| 100 |
1 |
|
|a Čermák, Oskár,
|d 1939-
|4 aut
|9 201725
|
| 245 |
1 |
0 |
|a Základom návrhu odpadového hospodárstva je analýza skladby odpadov
|c Oskár Čermák
|
| 300 |
|
|
|b Graf, tab.
|
| 504 |
|
|
|a Bibliogr. odkazy
|
| 650 |
0 |
7 |
|a odpadové hospodárstvo
|2 snkbucl
|9 3603
|
| 650 |
0 |
7 |
|a analýza odpadu
|2 snkbucl
|9 1036795
|
| 773 |
0 |
|
|t Projekt - stavba
|g Roč. III, č. 4 (2007), s. 24-27
|x 1336-6327
|
| 850 |
|
|
|a Slovenská národná knižnica
|
| 852 |
|
|
|a Slovenská národná knižnica
|
| 954 |
|
|
|a odborná, vedecká literatúra pôvodná (slovenská)
|2 lita
|
| 958 |
|
|
|a article27
|
| 958 |
|
|
|a NB
|
| 958 |
|
|
|a OND
|
| 958 |
|
|
|a EUIPO
|
| 999 |
|
|
|c 2949821
|d 2951751
|